• 首页
  • 本馆介绍
  • 公告通知
  • 最新文献
  • 馆藏检索
  • 电子资源
  • 读者导购
  • 参考咨询
  • 我的图书馆
  • 登录
  • 详细信息显示
  • 放入我的书架
  • 预约/预借图书
  • 作者相关作品
  • 分类相关作品
  • 丛书相关作品
  • 出版社相关作品

书目信息

  • 表格格式
  • 工作单格式
  • 卡片格式
题名:
视觉说服
    
 
作者: 梅萨里 著 ;王波 译
分册:  
出版信息: 北京   新华出版社  2004
页数: 301页
开本: 24cm
丛书名: 西方新闻传播学经典文库
单 册:
中图分类: J524.3
科图分类:
主题词: 视觉形象--应用--广告--设计
电子资源:
ISBN: 7-5011-6457-6
000 01084oam2 2200265 45
001 002572027
005 20050331083603.8
010    @a7-5011-6457-6@dCNY35.00
100    @a20040205d2004 em y0chiy0110 ea
101 1  @achi@ceng
102    @aCN@b110000
105    @aa z 000yy
200 1  @a视觉说服@Ashi jue shuo fu@e形象在广告中的作用@f(美)保罗·梅萨里著@F(Mei)Bao Luo·Mei Sa Li Zhu@g王波译
210    @a北京@c新华出版社@d2004
215    @a301页@d24cm
225 2  @a西方新闻传播学经典文库
330    @a本书对视觉说服所具有的隐含性特征,以及与文字相比较,图像承担相对较小的社会责任,因而一些用文字表达的令人无法接受的广告内容可通过图像加以表达这一特征进行了讨论。书中分析了商业、政治、社会问题等各种类型的广告,并特别讨论了在跨越多种文化之间的广告中图像的作用。
410    @12001 @a西方新闻传播学经典文库
517 1  @a形象在广告中的作用@Axing xiang zai guang gao zhong de zuo yong
606 0  @a视觉形象@x应用@x广告@x设计
690    @aJ524.3@v4
701  0 @a梅萨里@4著
702  0 @a王波@Awang bo@4译
801  0 @aCN@bNLC@c20040727
905    @f5@b346781-785@dJ524.3@e113
    
    视觉说服:形象在广告中的作用/(美)保罗·梅萨里著/王波译.-北京:新华出版社,2004
    301页;24cm.-(西方新闻传播学经典文库)
    
    
    ISBN 7-5011-6457-6:CNY35.00
    本书对视觉说服所具有的隐含性特征,以及与文字相比较,图像承担相对较小的社会责任,因而一些用文字表达的令人无法接受的广告内容可通过图像加以表达这一特征进行了讨论。书中分析了商业、政治、社会问题等各种类型的广告,并特别讨论了在跨越多种文化之间的广告中图像的作用。
●
相关链接 在E读中查询图书 在五车中查询图书 在当当中查询图书 在豆瓣中查询图书


正题名:视觉说服     索取号:J524.3/113         预约/预借

序号 登录号 条形码 馆藏地/架位号 状态 备注
1 0346781   203467818   第一样本阅览室/ [索取号:J524.3/113] 在馆    
2 0346782   203467827   第一借阅区/ [索取号:J524.3/113] 在馆    
3 0346783   203467836   第一借阅区/ [索取号:J524.3/113] 在馆    
4 0346784   203467845   第一借阅区/ [索取号:J524.3/113] 在馆    
5 0346785   203467854   第一借阅区/ [索取号:J524.3/113] 在馆    
唐山师范学院图书馆 欢迎您!
大连网信软件有限公司© 版权所有